Songs by Picture Quiz #4 - Statistics

General Stats
  • This quiz has been taken 5,487 times
  • The average score is 6 of 15
Answer Stats
Picture Hint Answer % Correct
Pink Floyd Another Brick in the Wall
83%
Madonna Vogue
73%
Amy Winehouse Rehab
68%
Warrant Cherry Pie
65%
Rolling Stones Brown Sugar
63%
Led Zeppelin Kashmir
52%
Metallica Enter Sandman
50%
Queen Bicycle Race
48%
Cream White Room
33%
The Marvelettes / The Beatles Please Mr. Postman
29%
Three Dog Night / U2 One
19%
Gerry & The Pacemakers Ferry Cross the Mersey
16%
The Who Magic Bus
16%
Ringo Starr / Def Leppard Photograph
15%
The Who I Can See For Miles / The Seeker
11%
No matching quizzes found
Score Distribution
Percent of People with Each Score
Percentile by Number Answered
Your Score History
You have not taken this quiz